| 000 | 00532 a2200205 4500 | ||
|---|---|---|---|
| 001 | 48446 | ||
| 020 | _a9788526002760 | ||
| 041 | _apor | ||
| 082 | _a028.5 | ||
| 250 | _a12. ed. | ||
| 697 | _aLiteratura infanto-juvenil | ||
| 697 | _aEcologia | ||
| 856 | _u00001c/00001c15.jpg | ||
| 040 |
_aBR-BrIDEA _cBR-BrIDEA |
||
| 090 |
_aAP Year 2 028 _bBRA |
||
| 100 |
_aBrandão, Ignácio de Loyola _d1936 |
||
| 245 | 1 | 0 |
_aO homem que espalhou o deserto _c Ignácio de Loyol Brandão |
| 260 |
_aSão Paulo _bGlobal _c2003 |
||
| 942 | _cBK | ||
| 999 |
_c48446 _d48446 |
||